00528 2200205 4500001002100000005001500021008004100036020002200077035001900099041000700118082000800125090001400133100001800147245003600165260001800201300003700219650002000256990002300276990002300299INLIS00000000000853320241224113651241224||||||||| | ||| |||| || |  a978-602-1595-78-7 0010-1224008533 aid0 a530 a530 AJA r0 aAjat Sudrajat00aRangkuman Penting Fisika SMA/MA aJakartabPadi a24X17,5 cm, vi, 302 hlm.; ilus.: 0aIlmu-ilmu Murni a05.17.01.04.08 001 a05.17.01.04.08 002